[Event "European Blitz-ch 2018"]
[Site "Skopje"]
[Date "2018.12.07"]
[Round "12"]
[White "Putka, Verners"]
[Black "Ragger, Markus"]
[Result "0-1"]
[WhiteElo "2307"]
[BlackElo "2687"]
[Annotator "TA"]
[PlyCount "154"]
[EventDate "2018.12.06"]
[EventType "swiss"]
[EventCountry "MKD"]

{[%evp 12,154,24,5,35,42,48,45,53,53,56,33,49,39,40,41,83,46,84,50,123,103,322,306,324,316,276,272,245,59,34,66,52,12,20,12,26,0,0,0,145,71,62,17,69,33,42,43,44,35,41,-41,-17,-19,-25,-54,-54,-247,-245,-265,-269,-923,-897,-906,-892,-879,-879,-795,-645,-639,-639,-631,-629,-620,-610,-604,-479,-741,-688,-622,-593,-1078,-1078,-1078,-1070,-1023,-412,-837,-500,-500,-412,-444,-429,-997,-910,-1056,-1030,-994,-926,-918,-878,-1995,-1952,-2336,-1955,-1851,-1493,-2408,-2197,-2863,-2336,-1504,-1781,-1835,-1624,-29961,-29951,-29958,-29964,-29967,-29969,-29974,-29976,-29979,-29980,-29980,-29976,-29995,-12810,-29979,-29980,-29980,-29981,-29981,-29980,-29980,-29980,-29980,-29981,-29981,-29982,-29996,-29997,-29997,-29998]} 1. d4 Nf6 2. Nf3 g6 3. g3 Bg7 4. Bg2 O-O 5. O-O d5 6. c4 Nc6 7. b3 {LiveBook: 4 Games. D77: Fianchetto Grünfeld: 6 0-0: Replies other than 6...c6} (7. Na3 dxc4 8. Nxc4 Be6 9. b3 Bd5 10. Bb2 a5 11. Ne3 Be4 12. a3 Qc8 13. Nc4 Rd8 14. e3 Bd5 15. Rc1 Ne4 16. Qe2 Qe6 17. Ne1 Ng5 18. Nf3 Qg4 19. Ncd2 Nxf3+ 20. Bxf3 Bxf3 21. Qxf3 Qxf3 22. Nxf3 {½-½ (44) Rozum,I (2573)-Sjugirov,S (2654) Khanty-Mansiysk 2018}) 7... Be6 8. cxd5 $146 ({Predecessor:} 8. Bb2 Ne4 9. Na3 a5 10. e3 Nb4 11. Nd2 Nd6 12. cxd5 Bxd5 13. e4 Bc6 14. Qe2 b6 15. Rfd1 e6 16. Ndc4 Bb7 {½-½ (16) Bernal,E (2325)-Kirov,N (2455) Thessaloniki 1984}) 8... Nxd5 9. Bb2 {White is slightly better.} Nb6 10. e3 a5 11. Nc3 a4 12. Nxa4 Nxa4 13. bxa4 Ra6 14. Bc3 Qd7 15. Rb1 b6 (15... Rfa8 $14) 16. Qc2 {Hoping for d5!} Rfa8 $2 {[#]} (16... Na7 $16 {keeps fighting.}) 17. d5 $1 $18 {[%cal Rd5e6][%mdl 512]} Bxd5 (17... Qxd5 18. Bxg7) 18. Bxg7 Kxg7 19. Rfd1 Rxa4 {[#]} 20. Rxd5 $2 (20. e4 $1 $18 {[%mdl 512]}) 20... Qxd5 $14 21. Ne1 {[%cal Bf3e1,Be1d3,Bd3f4][%mdl 32]} Qe5 22. Qxc6 {aiming for Nd3.} R8a5 23. Nd3 Qd6 24. Qc3+ f6 25. Nf4 Rc5 {[#]} (25... Rxa2 $11 26. Qxc7 Qxc7 27. Ne6+ Kf7 28. Nxc7 Ra1 29. Rxa1 Rxa1+ 30. Bf1 Rc1) 26. Qb3 (26. Qe1 $142 $1) 26... Rac4 $16 27. h4 e5 ({Better is} 27... Rc3 $11 28. Ne6+ Kh6 29. Nxc5 Rxb3 30. Nxb3 Qa3) 28. Nd3 (28. Nd5 $5) 28... Rc3 29. Nxc5 Rxb3 30. Nxb3 Qa3 31. Bd5 (31. Rc1 $14) 31... Qxa2 $15 32. Rc1 c5 33. Ra1 Qc2 {Strongly threatening ...c4.} 34. Ra7+ $2 {[#]} (34. Rc1 $15 Qe2 35. Bc4) 34... Kf8 $1 $19 {Threatens to win with ...Qd1+.} 35. Rf7+ Ke8 {...Qd1+ is the strong threat.} 36. Rxf6 $2 (36. Kg2 c4 37. Na1) 36... Qd1+ 37. Kh2 Qxd5 38. Rxb6 {[%mdl 4096] Endgame KQ-KRN} c4 39. Na1 c3 40. Rb1 Qd2 41. Kg2 c2 42. Nxc2 Qxc2 {KQ-KR} 43. Rb6 Qc5 44. Ra6 (44. Rb2 $142) 44... Kf7 45. Kg1 h6 46. h5 gxh5 47. Rxh6 Qd5 48. Rb6 Qf3 (48... Qc4 $142 49. Rh6 Qg4) 49. Rh6 (49. Rb4 $142) 49... Ke7 50. Rb6 Kd7 51. Rh6 Kc7 52. Rg6 (52. Kf1 $142) 52... Qf5 53. Rh6 Qg5 54. Rh8 Kd6 55. Kg2 Kd5 56. Rh7 Qf5 {( -> ...Qe4+)} 57. Rh6 Qe4+ 58. Kg1 Qf3 59. Rh8 Ke4 60. Rb8 Qd1+ 61. Kg2 Qd5 62. Rb2 Kf5+ 63. f3 Qd3 64. e4+ Kg5 65. Rf2 h4 66. gxh4+ Kxh4 67. Rf1 Qe2+ 68. Rf2 Qe3 69. Rf1 Kg5 (69... Qg5+ $142 70. Kh1 Kh3 71. Rg1 Qd2 72. Rg3+ Kxg3 73. Kg1 Qg2#) 70. Rf2 Kf4 {Black mates.} 71. Rf1 Qd2+ 72. Rf2 Qc3 73. Rf1 Qb2+ 74. Rf2 Qb3 75. Rf1 Qg8+ 76. Kf2 Qa2+ 77. Kg1 Kg3 {Precision: White = 26%, Black = 58%.} 0-1